| 000 | 01636nam0a2200373 4500 | ||
|---|---|---|---|
| 001 | RU\NLR\BIBL_A\012490475 | ||
| 005 | 20210408141658.0 | ||
| 010 | _a978-5-6041776-7-9 | ||
| 021 |
_aRU _bКН-П-20-074576 _9КН-П-20-5614 |
||
| 035 | _a(NLR Aleph) 012490475 | ||
| 035 | _a(RuMoRGB)010490456 | ||
| 090 |
_a12176545 _c12176545 |
||
| 100 | _a20210330d2019 u y0rusy50 ca | ||
| 101 | 0 | _arus | |
| 102 | _aRU | ||
| 105 | _aabczzz0|000zy | ||
| 181 | 0 |
_ai3 _baxxe |
|
| 182 | 0 | _an | |
| 200 | 1 |
_aРусское слово _eальманах писателей и поэтов Республики Крым и Приднестровской Молдавской Республики _eв рамках проекта "Книжный мост в Русский мир" _e[сборник поэзии и прозы] _fсост.: Беднякова Н. Б., Кожушнян В. И. _gред.: С.Д. Куликов |
|
| 203 |
_aТекст _bвизуальный _cнепосредственный |
||
| 210 |
_a[Б. м. _cб. и.] _d2019 |
||
| 215 |
_a180, [2] с. _cпортр., ил., карт. _d29 |
||
| 686 | 2 | _aШ6(2=Р)8-999 | |
| 686 | 2 | _aШ6(2=Р)6-999 | |
| 702 | 1 |
_aБеднякова _bН. Б. _gНаталья Борисовна _4220 |
|
| 702 | 1 |
_aКуликов _bС. Д. _cредактор, обществ. деятель _gСергей Дмитриевич _3RU\NLR\AUTH\770197166 _4340 |
|
| 942 | _cBOOK | ||
| 980 | _aNBR | ||
| 980 | _aNB | ||